[Event "ch-Moscow Superfinal w 2014"]
[Site "Moscow RUS"]
[Date "2014.01.30"]
[Round "1.1"]
[White "Vasilevich, Irina"]
[Black "Gunina, Valentina"]
[Result "0-1"]
[WhiteTitle "IM"]
[BlackTitle "GM"]
[WhiteElo "2365"]
[BlackElo "2503"]
[WhiteFideId "4141296"]
[BlackFideId "4167570"]
[EventDate "2014.01.30"]

1. c4 c5 2. g3 Nf6 3. Bg2 e6 4. e4 d6 5. Ne2 Be7 6. Nbc3 O-O 7. O-O a6 8. d4
cxd4 9. Nxd4 Qc7 10. Qe2 Nbd7 11. Nc2 Rb8 12. Be3 b6 13. Rac1 Bb7 14. Nd4 Rbc8
15. b3 Qb8 16. Rfd1 Qa8 17. f3 Rfe8 18. Qf2 d5 19. cxd5 exd5 20. exd5 Ba3 21.
Rc2 Rxc3 22. Rxc3 Nxd5 23. Rcd3 Nc5 24. Nc2 Nxd3 25. Rxd3 Nxe3 26. Nxa3 Qc8 27.
Qd2 Nd5 28. Nc4 b5 29. Na5 Ba8 30. Rxd5 Bxd5 31. Qxd5 Qc3 32. Bf1 Qxa5 33. Qc6
Rd8 34. a4 bxa4 35. bxa4 h6 36. Bxa6 Qe1+ 37. Bf1 Qe3+ 38. Kg2 Rd2+ 39. Kh3 g6
40. f4 Kg7 41. a5 Qf2 42. Bg2 Rc2 43. Qe4 Rc5 44. Qe7 Rh5+ 0-1

[Event "ch-Moscow Superfinal w 2014"]
[Site "Moscow RUS"]
[Date "2014.01.30"]
[Round "1.3"]
[White "Kovalevskaya, Ekaterina"]
[Black "Drozdova, Dina"]
[Result "1-0"]
[WhiteTitle "IM"]
[BlackTitle "WIM"]
[WhiteElo "2424"]
[BlackElo "2241"]
[WhiteFideId "4116704"]
[BlackFideId "4170695"]
[EventDate "2014.??.??"]

1. e4 e6 2. d4 d5 3. Nc3 Nf6 4. Bg5 Be7 5. e5 Nfd7 6. Bxe7 Qxe7 7. f4 a6 8. Nf3
c5 9. dxc5 Nc6 10. Bd3 Qxc5 11. Qd2 b5 12. Qf2 Qxf2+ 13. Kxf2 b4 14. Ne2 Ke7 15.
Ned4 Nxd4 16. Nxd4 Bb7 17. a3 a5 18. Ra2 Nc5 19. axb4 axb4 20. Rha1 Rxa2 21.
Rxa2 Ra8 22. Rxa8 Bxa8 23. b3 h6 24. Ke3 f6 25. Nf3 Bc6 26. Kd4 Nd7 27. Ba6 Kd8
28. Ne1 fxe5+ 29. fxe5 Nb8 30. Be2 Be8 31. Kc5 Nd7+ 32. Kd6 Nf8 33. Nd3 Bb5 34.
Bg4 Bd7 35. Nxb4 Ke8 36. Nd3 1-0

[Event "ch-Moscow Superfinal w 2014"]
[Site "Moscow RUS"]
[Date "2014.01.30"]
[Round "1.4"]
[White "Gvantseladze, Anna"]
[Black "Girya, Olga"]
[Result "0-1"]
[BlackTitle "WGM"]
[WhiteElo "1978"]
[BlackElo "2438"]
[WhiteFideId "24144479"]
[BlackFideId "4195752"]
[EventDate "2014.01.30"]

1. d4 Nf6 2. Nf3 d5 3. c4 e6 4. Nc3 c5 5. cxd5 Nxd5 6. e3 Nc6 7. Bd3 cxd4 8.
exd4 Bb4 9. Bd2 Be7 10. O-O O-O 11. Rc1 Bf6 12. Ne4 Nxd4 13. Nxf6+ Qxf6 14. Ng5
Nf5 15. Rc4 h6 16. Ne4 Qd8 17. Bb1 b6 18. Qc2 Ba6 19. g4 Bxc4 20. Qxc4 Nh4 21.
Qd3 Ng6 22. Ng3 Ndf4 23. Qc2 Rc8 24. Bc3 Nh3+ 25. Kh1 Qd5+ 26. f3 Nhf4 27. h4
Rfd8 28. h5 Nf8 29. Kh2 Qc4 30. a3 Qd5 31. Ne4 f5 32. gxf5 Qxf5 33. Nf6+ gxf6
34. Rg1+ Kf7 35. Qxf5 exf5 36. Ba2+ N8e6 0-1

[Event "ch-Moscow Superfinal w 2014"]
[Site "Moscow RUS"]
[Date "2014.01.30"]
[Round "1.2"]
[White "Kashlinskaya, Alina"]
[Black "Charochkina, Daria"]
[Result "1-0"]
[WhiteTitle "WGM"]
[BlackTitle "WGM"]
[WhiteElo "2437"]
[BlackElo "2359"]
[WhiteFideId "4198026"]
[BlackFideId "4180917"]
[EventDate "2014.01.30"]

1. d4 Nf6 2. c4 e6 3. Nc3 Bb4 4. e3 O-O 5. Bd3 b6 6. Ne2 Bb7 7. O-O d5 8. a3 Be7
9. cxd5 exd5 10. b4 a5 11. b5 Nbd7 12. f3 c5 13. bxc6 Bxc6 14. e4 dxe4 15. fxe4
b5 16. e5 Nxe5 17. dxe5 Bc5+ 18. Kh1 Ng4 19. Bf4 Nf2+ 20. Rxf2 Bxf2 21. Bxb5
Bxb5 22. Nxb5 Qb6 23. Nd6 Qb2 24. h3 a4 25. Ng3 Qb3 26. Nge4 Ba7 27. Qg4 f5 28.
exf6 g6 29. f7+ Rxf7 30. Nxf7 Qxf7 31. Ng5 Qe7 32. Bd2 Rf8 33. Re1 Qc7 34. Qe6+
Kh8 35. Rc1 Qg7 36. Bc3 Bd4 37. Bxd4 Qxd4 38. Qe7 1-0

[Event "ch-Moscow Superfinal w 2014"]
[Site "Moscow RUS"]
[Date "2014.01.30"]
[Round "2.2"]
[White "Girya, Olga"]
[Black "Mirzoeva, Elmira"]
[Result "1-0"]
[WhiteTitle "WGM"]
[BlackTitle "WGM"]
[WhiteElo "2438"]
[BlackElo "2235"]
[WhiteFideId "4195752"]
[BlackFideId "4127951"]
[EventDate "2014.01.30"]

1. e4 c6 2. d4 d5 3. exd5 cxd5 4. Bd3 Nc6 5. c3 Qc7 6. h3 g6 7. Nf3 Nf6 8. O-O
Bg7 9. Re1 O-O 10. Qc2 Nh5 11. Be3 a6 12. Nbd2 Nf4 13. Bxf4 Qxf4 14. Re3 Bd7 15.
Rae1 Qd6 16. Ne5 Rfe8 17. Ndf3 Bh6 18. R3e2 Rac8 19. Nxc6 Bxc6 20. Ne5 Bg7 21.
h4 b5 22. a3 Bf6 23. h5 Kg7 24. hxg6 hxg6 25. Nxf7 Kxf7 26. Bxg6+ Kf8 27. Qf5
Bd7 28. Re6 Kg7 29. Bh5 Bxe6 30. Rxe6 Qxe6 31. Qxe6 Rf8 32. Qxd5 Rcd8 33. Qe4
Rd6 34. Qg6+ Kh8 35. Qh6+ Kg8 36. Bg6 Rfd8 37. Qh7+ 1-0

[Event "ch-Moscow Superfinal w 2014"]
[Site "Moscow RUS"]
[Date "2014.01.30"]
[Round "2.3"]
[White "Drozdova, Dina"]
[Black "Gvantseladze, Anna"]
[Result "1-0"]
[WhiteTitle "WIM"]
[WhiteElo "2241"]
[BlackElo "1978"]
[WhiteFideId "4170695"]
[BlackFideId "24144479"]
[EventDate "2014.01.30"]

1. d4 Nf6 2. c4 e6 3. Nc3 Bb4 4. e3 c5 5. a3 Bxc3+ 6. bxc3 O-O 7. Bd3 Nc6 8. Ne2
b6 9. e4 Ne8 10. O-O Ba6 11. e5 f5 12. exf6 Qxf6 13. Be3 Nd6 14. Qa4 Na5 15.
Qxd7 Ndxc4 16. Nf4 Rfe8 17. Nh5 Qf7 18. Qxf7+ Kxf7 19. Ng3 Kg8 20. Rfe1 Nxe3 21.
Bxa6 Nc2 22. Bb5 Re7 23. d5 Nxa1 24. d6 Rf7 25. Rxa1 a6 26. Be2 Rd8 27. Rd1 Nb7
28. Bg4 Rf6 29. Ne4 Rg6 30. f3 Kf8 31. Kf2 Rh6 32. h3 Ke8 33. Ke3 Kd7 34. Ng5
Nxd6 35. Nf7 Ke7 36. Nxd8 Nc4+ 37. Kf2 Nb2 38. Nc6+ 1-0

[Event "ch-Moscow Superfinal w 2014"]
[Site "Moscow RUS"]
[Date "2014.01.30"]
[Round "2.4"]
[White "Charochkina, Daria"]
[Black "Kovalevskaya, Ekaterina"]
[Result "1-0"]
[WhiteTitle "WGM"]
[BlackTitle "IM"]
[WhiteElo "2359"]
[BlackElo "2424"]
[WhiteFideId "4180917"]
[BlackFideId "4116704"]
[EventDate "2014.01.30"]

1. c4 e5 2. Nc3 d6 3. g3 g6 4. Bg2 Bg7 5. Nf3 f5 6. d4 e4 7. Ng5 h6 8. Nh3 g5 9.
f3 exf3 10. exf3 Nf6 11. O-O O-O 12. d5 Nbd7 13. f4 g4 14. Nf2 Rf7 15. Nd3 h5
16. Be3 h4 17. gxh4 Nf8 18. c5 Ng6 19. Bf2 Nh5 20. Ne2 Nxh4 21. Ng3 Nxg3 22.
hxg3 Nxg2 23. Kxg2 dxc5 24. Ne5 Bxe5 25. fxe5 Rd7 26. d6 cxd6 27. Qd5+ Rf7 28.
e6 Bxe6 29. Qxe6 Qf6 30. Qd5 Re8 31. Rae1 Re5 32. Rxe5 dxe5 33. Be3 b6 34. b3
Kg7 35. Rf2 Kg6 36. Kf1 Rh7 37. Qg8+ Rg7 38. Qe8+ Rf7 39. Bd2 Qe7 40. Qg8+ Rg7
41. Qd5 Qd7 42. Qxe5 Qd3+ 43. Kg2 Qe4+ 44. Qxe4 fxe4 45. Rf4 Rd7 46. Rxg4+ Kf5
47. Rf4+ Ke5 48. Bc3+ Kd5 49. Kf2 c4 50. Ke3 cxb3 51. axb3 Rc7 52. Bd4 Rc1 53.
Rf5+ Ke6 54. Rb5 Re1+ 55. Kf4 Kd6 56. g4 Kc6 57. Re5 Rb1 58. Rxe4 Rxb3 59. g5
Rb1 60. g6 Kd5 61. g7 Rf1+ 62. Ke3 Rg1 63. Re5+ Kc4 64. Rh5 1-0

[Event "ch-Moscow Superfinal w 2014"]
[Site "Moscow RUS"]
[Date "2014.01.30"]
[Round "2.5"]
[White "Vasilevich, Irina"]
[Black "Kashlinskaya, Alina"]
[Result "1/2-1/2"]
[WhiteTitle "IM"]
[BlackTitle "WGM"]
[WhiteElo "2365"]
[BlackElo "2437"]
[WhiteFideId "4141296"]
[BlackFideId "4198026"]
[EventDate "2014.01.30"]

1. c4 e5 2. Nc3 Nf6 3. g3 d5 4. cxd5 Nxd5 5. Bg2 Nb6 6. d3 Be7 7. f4 exf4 8.
Bxf4 O-O 9. Nf3 N8d7 10. O-O Nf6 11. e4 c6 12. Qc2 h6 13. Rad1 Bg4 14. Kh1 Qc8
15. a4 Bh3 16. a5 Bxg2+ 17. Qxg2 Nbd7 18. a6 b5 19. e5 Nd5 20. Nxd5 cxd5 21. Nd4
Bc5 22. Nxb5 Rb8 23. Nc3 g5 24. e6 gxf4 25. exd7 Qxd7 26. Rxf4 Kh8 27. Rdf1 Be3
28. Rf5 d4 29. Nd5 Rb5 30. Nxe3 dxe3 31. Rf6 Kg7 32. Qe4 Qd5 33. R6f3 Qxe4 34.
dxe4 e2 35. Re1 Rxb2 36. Re3 Rd8 37. R3xe2 Rxe2 38. Rxe2 Rd1+ 39. Kg2 Ra1 40.
Rb2 Rxa6 41. Rb7 Ra3 42. Kh3 a5 43. Kg4 Ra2 44. h4 a4 45. e5 Re2 1/2-1/2

[Event "ch-Moscow Superfinal w 2014"]
[Site "Moscow RUS"]
[Date "2014.01.30"]
[Round "3.1"]
[White "Kashlinskaya, Alina"]
[Black "Gunina, Valentina"]
[Result "1-0"]
[WhiteTitle "WGM"]
[BlackTitle "GM"]
[WhiteElo "2437"]
[BlackElo "2503"]
[WhiteFideId "4198026"]
[BlackFideId "4167570"]
[EventDate "2014.01.30"]

1. d4 d5 2. c4 e6 3. Nc3 Nf6 4. cxd5 exd5 5. Bg5 c6 6. e3 Be7 7. Qc2 Nbd7 8. Bd3
O-O 9. Nf3 Re8 10. O-O Nf8 11. Rae1 Be6 12. Ne5 N6d7 13. Bxe7 Rxe7 14. f4 f6 15.
Nf3 Nb6 16. f5 Bf7 17. g4 h6 18. h4 Qd6 19. Qg2 Kh8 20. Kf2 Nh7 21. Rg1 Rf8 22.
Ne2 c5 23. g5 fxg5 24. hxg5 Bh5 25. gxh6 Qxh6 26. Nf4 cxd4 27. Nxh5 dxe3+ 28.
Ke2 d4 29. Qg6 Nd5 30. Qxh6 gxh6 31. Nh4 Ng5 32. Ng6+ Kg8 33. Bc4 d3+ 34. Kxd3
Rd7 35. Nxf8 Kxf8 36. Bxd5 Rxd5+ 37. Kxe3 Rb5 38. b3 Ra5 39. a4 Re5+ 40. Kf4 Rd5
41. Rd1 Rc5 42. Rg3 Rc2 43. Re3 Rf2+ 44. Ke5 Ke7 45. f6+ Kf7 46. Rd7+ Ke8 47.
Kd6+ 1-0

[Event "ch-Moscow Superfinal w 2014"]
[Site "Moscow RUS"]
[Date "2014.01.30"]
[Round "3.3"]
[White "Gvantseladze, Anna"]
[Black "Charochkina, Daria"]
[Result "0-1"]
[BlackTitle "WGM"]
[WhiteElo "1978"]
[BlackElo "2359"]
[WhiteFideId "24144479"]
[BlackFideId "4180917"]
[EventDate "2014.01.30"]

1. d4 Nc6 2. Nf3 d5 3. Bf4 Nf6 4. h3 Bf5 5. e3 e6 6. Bd3 Ne4 7. c3 Be7 8. Qc2
Bg6 9. O-O O-O 10. Nbd2 f5 11. Ne5 Nxe5 12. Bxe5 c5 13. f3 Nd6 14. e4 c4 15. Be2
fxe4 16. Bxd6 exf3 17. Bxe7 Qxe7 18. Qd1 fxe2 19. Rxf8+ Rxf8 20. Qxe2 Bd3 21.
Qe3 Rf6 22. Re1 Rg6 23. Qe5 Qf8 24. Re3 h6 25. Rf3 Qd8 26. Re3 Qh4 27. Nf3 Qd8
28. Nd2 Kh7 29. Kh2 Qh4 30. Kg1 Bf5 31. Nf3 Qd8 32. Kh2 Be4 33. Rxe4 dxe4 34.
Qxe4 Qd5 35. Qc2 Qf5 36. Qxf5 exf5 37. Ne5 Ra6 38. a3 b5 39. Kg3 g5 40. Kf3 Kg7
41. Ke3 Rd6 42. Kf2 Kf6 43. g3 Rd5 44. Nc6 a6 45. Nb4 Rd6 46. Nc2 h5 47. Ne3 f4
48. gxf4 gxf4 49. Ng2 Kg5 50. Kf3 h4 51. Kf2 Re6 52. Kf3 Re7 53. Kf2 a5 54. Kf3
Re8 55. Kf2 b4 56. axb4 axb4 57. cxb4 Rb8 58. Kf3 Rxb4 59. Nxf4 Rxb2 60. Ke4 c3
61. Ke3 Rh2 62. d5 c2 63. Nd3 Rxh3+ 64. Kd2 Rxd3+ 0-1

[Event "ch-Moscow Superfinal w 2014"]
[Site "Moscow RUS"]
[Date "2014.01.30"]
[Round "3.4"]
[White "Mirzoeva, Elmira"]
[Black "Drozdova, Dina"]
[Result "1-0"]
[WhiteTitle "WGM"]
[BlackTitle "WIM"]
[WhiteElo "2235"]
[BlackElo "2241"]
[WhiteFideId "4127951"]
[BlackFideId "4170695"]
[EventDate "2014.01.30"]

1. d4 Nf6 2. c4 e6 3. Nf3 Bb4+ 4. Nbd2 O-O 5. a3 Bxd2+ 6. Qxd2 b6 7. e3 Bb7 8.
Be2 d6 9. O-O Nbd7 10. b4 Qe7 11. Bb2 c5 12. Rfd1 Ne4 13. Qc2 f5 14. dxc5 dxc5
15. Ne5 Nxe5 16. Bxe5 Rfd8 17. f3 Nf6 18. b5 Rd7 19. a4 a5 20. Bxf6 gxf6 21.
Rxd7 Qxd7 22. Rd1 Qc7 23. Qd2 Qe5 24. f4 Qc7 25. Qd6 Qxd6 26. Rxd6 Kf8 27. Rxb6
Be4 28. Ra6 Rd8 29. Rxa5 Rd2 30. Kf1 Rb2 31. b6 Rxb6 32. Rb5 Ra6 33. a5 Ke7 34.
Rxc5 Kd6 35. Rb5 Bc6 36. Rb6 Rxa5 37. Bf3 Rc5 38. Rxc6+ Rxc6 39. Bxc6 Kxc6 40.
Ke2 Kc5 41. Kd3 Kd6 42. e4 fxe4+ 43. Kxe4 Kc5 44. Kd3 h5 45. g3 Kd6 46. h3 f5
47. Kd4 1-0

[Event "ch-Moscow Superfinal w 2014"]
[Site "Moscow RUS"]
[Date "2014.01.30"]
[Round "4.1"]
[White "Gunina, Valentina"]
[Black "Girya, Olga"]
[Result "1-0"]
[WhiteTitle "GM"]
[BlackTitle "WGM"]
[WhiteElo "2503"]
[BlackElo "2438"]
[WhiteFideId "4167570"]
[BlackFideId "4195752"]
[EventDate "2014.01.30"]

1. d4 d5 2. c4 c6 3. Nf3 Nf6 4. Nc3 dxc4 5. a4 Bf5 6. Ne5 Nbd7 7. Nxc4 Nb6 8.
Ne5 a5 9. g3 e6 10. Bg2 Bb4 11. O-O O-O 12. Bg5 h6 13. Bf4 Bh7 14. Qb3 Qe7 15.
Rad1 Nbd7 16. Nc4 Nd5 17. Bd2 N7f6 18. Rfe1 Bxc3 19. bxc3 Ne4 20. Bxe4 Bxe4 21.
f3 Bh7 22. e4 Nf6 23. Rb1 g5 24. Qxb7 Qxb7 25. Rxb7 g4 26. Bxh6 Rfb8 27. Rxb8+
Rxb8 28. Bg5 Nd7 29. fxg4 Rb3 30. Bd2 Nf6 31. Nd6 Nxg4 32. h3 Nf6 33. g4 Rb2 34.
Bg5 Nd7 35. Nc4 Rc2 36. Nxa5 Rxc3 37. Nb7 Ra3 38. a5 f6 39. Bc1 Ra4 40. Bh6 Nb8
41. Bf4 Na6 42. g5 fxg5 43. Be5 Nb4 44. Rf1 Nd3 45. Bd6 Bxe4 46. Nd8 Rxa5 47.
Nxe6 Bd5 48. Nxg5 Ra2 49. Nf3 Rc2 50. Nh4 Kh7 51. Bg3 Rc1 52. Rxc1 Nxc1 53. Kf2
Be6 54. Nf3 Nd3+ 55. Ke3 Nb4 56. Ng5+ 1-0

[Event "ch-Moscow Superfinal w 2014"]
[Site "Moscow RUS"]
[Date "2014.01.30"]
[Round "4.3"]
[White "Charochkina, Daria"]
[Black "Mirzoeva, Elmira"]
[Result "1-0"]
[WhiteTitle "WGM"]
[BlackTitle "WGM"]
[WhiteElo "2359"]
[BlackElo "2235"]
[WhiteFideId "4180917"]
[BlackFideId "4127951"]
[EventDate "2014.01.30"]

1. e4 d6 2. d4 Nf6 3. Nc3 e5 4. Nf3 Nbd7 5. Bc4 Be7 6. O-O O-O 7. Re1 c6 8. a4
a5 9. Ba2 Qc7 10. h3 exd4 11. Nxd4 Re8 12. Nf5 Bf8 13. Bg5 h6 14. Bh4 g6 15. Ne3
Bg7 16. Nc4 Bf8 17. Qf3 Kg7 18. Rad1 Be7 19. Bxf6+ Nxf6 20. e5 dxe5 21. Nxe5 Rf8
22. Nd7 Bxd7 23. Rxe7 Rae8 24. Ne4 Nd5 25. Bxd5 cxd5 26. Qf6+ Kg8 27. Rxd5 Qc6
28. Rdxd7 Rxe7 29. Rxe7 Qxf6 30. Nxf6+ Kg7 31. Ne4 Rd8 32. Rxb7 Rd4 33. Nc3 1-0

[Event "ch-Moscow Superfinal w 2014"]
[Site "Moscow RUS"]
[Date "2014.01.30"]
[Round "4.4"]
[White "Vasilevich, Irina"]
[Black "Gvantseladze, Anna"]
[Result "1/2-1/2"]
[WhiteTitle "IM"]
[WhiteElo "2365"]
[BlackElo "1978"]
[WhiteFideId "4141296"]
[BlackFideId "24144479"]
[EventDate "2014.01.30"]

1. c4 e5 2. Nc3 Nc6 3. g3 Nf6 4. Bg2 Be7 5. a3 O-O 6. b4 a6 7. e3 Re8 8. Nge2
Bf8 9. d3 Ne7 10. Nd5 Nexd5 11. cxd5 c6 12. Nc3 cxd5 13. Nxd5 Nxd5 14. Bxd5 d6
15. Qf3 Re7 16. O-O Rb8 17. e4 Be6 18. Bxe6 Rxe6 19. Bb2 f6 20. d4 exd4 21. Bxd4
Qe7 22. Qb3 Qf7 23. f3 Rd8 24. Bb6 Rd7 25. Rad1 d5 26. Bf2 dxe4 27. Rxd7 Qxd7
28. fxe4 Qf7 29. Qf3 Re8 30. Rc1 Bd6 31. Qf5 Qe6 32. Rd1 Bf8 33. Qd5 b5 34. Kg2
Kf7 35. Kf3 Kg6 36. Rc1 h5 37. Qxe6 Rxe6 38. Rc8 Be7 39. Rc7 Bd8 40. Rd7 Bb6 41.
Bxb6 Rxb6 42. h4 Rc6 43. Rd3 Kf7 44. Kf4 Ke6 45. g4 hxg4 46. Kxg4 Rc4 47. Kf3
Rc1 48. Kf4 Rh1 49. Kg4 Ke5 50. Rd7 Kxe4 51. Re7+ Kd5 52. Ra7 Rg1+ 53. Kf5 Rf1+
54. Kg6 Rg1+ 55. Kf5 Rf1+ 56. Kg6 Rg1+ 1/2-1/2

[Event "ch-Moscow Superfinal w 2014"]
[Site "Moscow RUS"]
[Date "2014.01.30"]
[Round "4.5"]
[White "Kashlinskaya, Alina"]
[Black "Kovalevskaya, Ekaterina"]
[Result "1/2-1/2"]
[WhiteTitle "WGM"]
[BlackTitle "IM"]
[WhiteElo "2437"]
[BlackElo "2424"]
[WhiteFideId "4198026"]
[BlackFideId "4116704"]
[EventDate "2014.01.30"]

1. d4 Nf6 2. c4 d6 3. Nc3 Nbd7 4. g3 e5 5. Nf3 Be7 6. Bg2 O-O 7. O-O c6 8. h3
Re8 9. e4 a6 10. Be3 b5 11. c5 Qc7 12. Rc1 dxc5 13. dxe5 Nxe5 14. Nxe5 Qxe5 15.
f4 Qc7 16. e5 Nd7 17. Ne4 Bb7 18. Nxc5 Nxc5 19. Bxc5 Bxc5+ 20. Rxc5 Rad8 21. Qc2
Qa5 22. Bxc6 Bxc6 23. Rxc6 Rd2 24. Qc3 Qxc3 25. Rxc3 Rxb2 26. Ra3 f6 27. Rxa6
fxe5 28. fxe5 Re2 29. Ra7 R2xe5 30. h4 Re1 31. Rb7 1/2-1/2

[Event "ch-Moscow Superfinal w 2014"]
[Site "Moscow RUS"]
[Date "2014.01.30"]
[Round "5.1"]
[White "Kovalevskaya, Ekaterina"]
[Black "Gunina, Valentina"]
[Result "0-1"]
[WhiteTitle "IM"]
[BlackTitle "GM"]
[WhiteElo "2424"]
[BlackElo "2503"]
[WhiteFideId "4116704"]
[BlackFideId "4167570"]
[EventDate "2014.01.30"]

1. Nf3 d5 2. g3 c6 3. Bg2 Bg4 4. d4 e6 5. Nbd2 Nd7 6. O-O Bd6 7. e4 Ne7 8. c4
O-O 9. Qb3 Rb8 10. Re1 Bc7 11. cxd5 cxd5 12. exd5 Nxd5 13. Nc4 Bh5 14. Bg5 N7f6
15. Rac1 h6 16. Bd2 Ne7 17. Nce5 Nf5 18. Bb4 Re8 19. Red1 Bxf3 20. Nxf3 Bd6 21.
Be1 Nd5 22. Ne5 Nxd4 23. Rxd4 Bxe5 24. Rd3 Qf6 25. Bxd5 exd5 26. Rxd5 Bxb2 27.
Rcd1 Re2 28. R5d2 Rxd2 29. Bxd2 Bd4 30. Be3 Bxe3 31. Qxe3 a6 32. Qe4 b5 33. Kg2
Qb2 34. Qd5 Re8 35. Rd3 Qf6 36. Qb7 Qg6 37. Rf3 Re6 38. a3 Rf6 39. Rxf6 Qxf6 40.
h4 h5 41. Qc8+ Kh7 42. Qb7 g6 43. Qd5 Kg7 44. Qb7 Qd6 45. Qf3 Qc5 46. Qb3 Qc6+
47. Kh2 Qf6 48. Kg2 Qd4 49. Kg1 Kg8 50. Kg2 Qc5 51. Qf3 Kg7 52. Qb3 a5 53. Qb2+
Kg8 54. Qb3 b4 55. axb4 axb4 56. Kf3 Kf8 57. Ke2 Ke7 58. Qa4 Qc4+ 59. Ke3 Qc3+
60. Ke4 b3 61. Qa3+ Kf6 62. Qf8 Qc2+ 63. Kf3 b2 64. Qh8+ Kf5 65. Qe8 Qd3+ 0-1

[Event "ch-Moscow Superfinal w 2014"]
[Site "Moscow RUS"]
[Date "2014.01.30"]
[Round "5.2"]
[White "Gvantseladze, Anna"]
[Black "Kashlinskaya, Alina"]
[Result "0-1"]
[BlackTitle "WGM"]
[WhiteElo "1978"]
[BlackElo "2437"]
[WhiteFideId "24144479"]
[BlackFideId "4198026"]
[EventDate "2014.01.30"]

1. d4 d5 2. c4 e6 3. Nc3 c6 4. e4 dxe4 5. Nxe4 Bb4+ 6. Nc3 c5 7. a3 Ba5 8. Nf3
Ne7 9. Be3 Nf5 10. Qd3 cxd4 11. Nxd4 Nxe3 12. fxe3 O-O 13. O-O-O Qe7 14. Qc2 Nc6
15. Bd3 h6 16. Nxc6 bxc6 17. h4 e5 18. Be4 Bg4 19. Rdf1 Rab8 20. Bf5 Bxf5 21.
Rxf5 Qc5 22. e4 Qe3+ 23. Kb1 Qxc3 0-1

[Event "ch-Moscow Superfinal w 2014"]
[Site "Moscow RUS"]
[Date "2014.01.30"]
[Round "5.3"]
[White "Mirzoeva, Elmira"]
[Black "Vasilevich, Irina"]
[Result "1/2-1/2"]
[WhiteTitle "WGM"]
[BlackTitle "IM"]
[WhiteElo "2235"]
[BlackElo "2365"]
[WhiteFideId "4127951"]
[BlackFideId "4141296"]
[EventDate "2014.01.30"]

1. d4 d5 2. Nf3 Nf6 3. c4 e6 4. Nc3 Nbd7 5. Bg5 Be7 6. e3 h6 7. Bh4 O-O 8. Qc2
b6 9. cxd5 exd5 10. Bd3 Bb7 11. O-O c5 12. b3 Rc8 13. dxc5 Nxc5 14. Bf5 Ne6 15.
Qb2 Ne4 16. Bxe6 Rxc3 17. Bxe7 Qxe7 18. Bf5 Qf6 19. Nd4 Rc7 20. Rac1 Rc5 21. Rc2
Nd6 22. Bd3 Rfc8 23. Rfc1 a5 24. h3 Ne4 25. Bxe4 dxe4 26. a3 Ba6 27. b4 axb4 28.
axb4 Rxc2 29. Rxc2 Rxc2 30. Qxc2 Bd3 31. Qc8+ Kh7 32. b5 g6 33. Qc7 Kg7 34. h4
h5 35. g3 Kh7 36. Kg2 Kg7 37. Kg1 Kh7 38. Kg2 Kg7 39. Kg1 Kh7 40. Qc6 Kg7 41.
Qc7 Kh7 42. Qd7 Kg7 43. Qc7 Kh7 44. Qc6 Kg7 45. Qc7 Kh7 46. Qc6 Kg7 47. Kg2 Qd8 1/2-1/2

[Event "ch-Moscow Superfinal w 2014"]
[Site "Moscow RUS"]
[Date "2014.01.30"]
[Round "5.5"]
[White "Girya, Olga"]
[Black "Drozdova, Dina"]
[Result "1-0"]
[WhiteTitle "WGM"]
[BlackTitle "WIM"]
[WhiteElo "2438"]
[BlackElo "2241"]
[WhiteFideId "4195752"]
[BlackFideId "4170695"]
[EventDate "2014.01.30"]

1. d4 d5 2. Nf3 Nf6 3. c4 c6 4. Nc3 dxc4 5. a4 Bf5 6. Nh4 e6 7. Nxf5 exf5 8. e3
Bd6 9. Bxc4 O-O 10. Qf3 Qd7 11. h3 Re8 12. Bd3 Ne4 13. Nxe4 fxe4 14. Bxe4 Bb4+
15. Kf1 Qe6 16. Bd3 Qd6 17. g3 Nd7 18. Bc4 Nf6 19. Kg2 Re7 20. b3 Rb8 21. Bb2 a5
22. Rad1 Ne4 23. d5 Qh6 24. dxc6 bxc6 25. Rd4 Nd2 26. Qg4 Nxc4 27. Rxc4 Rd8 28.
Rd1 Rde8 29. Rcd4 Qg6 30. Qe2 Qe6 31. Qd3 f6 32. Rd8 Rxd8 33. Qxd8+ Kf7 34. Qd3
h6 35. Qc2 Rb7 36. Rd4 Be7 1-0

[Event "ch-Moscow Superfinal w 2014"]
[Site "Moscow RUS"]
[Date "2014.01.31"]
[Round "6.1"]
[White "Gunina, Valentina"]
[Black "Drozdova, Dina"]
[Result "1-0"]
[WhiteTitle "GM"]
[BlackTitle "WIM"]
[WhiteElo "2503"]
[BlackElo "2241"]
[WhiteFideId "4167570"]
[BlackFideId "4170695"]
[EventDate "2014.01.30"]

1. d4 d5 2. c4 c6 3. Nf3 Nf6 4. Nc3 dxc4 5. a4 Bf5 6. Ne5 Na6 7. f3 Nd7 8. Nxd7
Bxd7 9. e4 e5 10. Bxc4 exd4 11. Qxd4 Nb4 12. O-O Nc2 13. Qe5+ Qe7 14. Qxe7+ Bxe7
15. Rb1 Bc5+ 16. Kh1 Ke7 17. Bf4 Ne3 18. b4 Bb6 19. Bxe3 Bxe3 20. f4 Rhd8 21. b5
Bd4 22. Ne2 Bb6 23. Ng3 Be6 24. Bxe6 fxe6 25. e5 Rd4 26. bxc6 bxc6 27. Nh5 g6
28. Nf6 Rxa4 29. Nxh7 Rd8 30. Ng5 Rd2 31. Nf3 Rd3 32. g3 Raa3 33. Nh4 Kf7 34.
Kg2 Ra2+ 35. Kh3 c5 36. Nf3 c4 37. Rbc1 Ra4 38. Rc2 Ke7 39. Nh4 Kf7 40. Rfc1 Rd4
41. Nf3 Rd3 42. Ng5+ Ke7 43. Rxc4 Rxc4 44. Rxc4 a5 45. Rc6 Bg1 46. Rxe6+ Kd7 47.
Rxg6 a4 48. Ra6 a3 49. f5 Bc5 50. e6+ 1-0

[Event "ch-Moscow Superfinal w 2014"]
[Site "Moscow RUS"]
[Date "2014.01.31"]
[Round "6.2"]
[White "Charochkina, Daria"]
[Black "Girya, Olga"]
[Result "1/2-1/2"]
[WhiteTitle "WGM"]
[BlackTitle "WGM"]
[WhiteElo "2359"]
[BlackElo "2438"]
[WhiteFideId "4180917"]
[BlackFideId "4195752"]
[EventDate "2014.01.30"]

1. c4 c6 2. e3 d5 3. Nf3 Nf6 4. Qc2 a6 5. c5 Bg4 6. Ne5 Bh5 7. d4 Nbd7 8. f4
Nxe5 9. fxe5 Ne4 10. Bd3 Bg6 11. e6 f5 12. Bxe4 fxe4 13. O-O Qc8 14. Qb3 Rb8 15.
Bd2 Qxe6 16. Be1 Qd7 17. Bg3 Rc8 18. Nc3 e6 19. Na4 Rd8 20. Nb6 Qe7 21. Bd6 Rxd6
22. Nc8 Qd7 23. Nxd6+ Bxd6 24. cxd6 Bf5 25. h3 O-O 26. g4 Qxd6 27. Kg2 Bg6 28.
Rxf8+ Qxf8 29. Rf1 Qe7 30. Qb6 h5 31. Qa7 Kh7 32. Qb8 Qb4 33. Qf4 Qxb2+ 34. Rf2
Qb4 35. Qg5 a5 36. Kg3 Qe1 37. Kg2 a4 38. Qf4 a3 39. Qg5 b5 40. gxh5 Bf5 41. h6
gxh6 42. Qe7+ Kg6 43. Qe8+ Kg7 44. Qe7+ Kg6 45. Qe8+ Kg7 46. Qd7+ Kg6 47. Qe8+
Kg7 48. Qe7+ Kg6 49. Qe8+ Kg7 50. Qe7+ Kg6 51. Qe8+ Kg7 52. Qd7+ Kg6 53. Rc2
Qxe3 54. Qe8+ Kg5 55. Qe7+ Kh5 56. Qf7+ Kh4 57. Qe7+ Qg5+ 58. Qxg5+ hxg5 59. Rc3
b4 60. Rb3 e3 61. Rxe3 Be4+ 62. Kh2 g4 63. hxg4 Kxg4 64. Rb3 Kf4 65. Rxb4 Bd3
66. Ra4 Ke4 67. Kg3 Bc4 68. Rxa3 Kxd4 69. Ra8 e5 70. a4 e4 71. a5 Kc5 72. Kf4
Bd3 73. a6 Kb6 74. a7 Kb7 75. Rc8 Kxa7 76. Rxc6 Kb7 77. Rd6 Bc4 78. Ke3 Kc7 79.
Rh6 Kd7 80. Rh4 1/2-1/2